[Event "Nouadhibou Independence op"]
[Site "Nouadhibou"]
[Date "2014.11.28"]
[Round "2"]
[White "Med, Salem Ghaylani"]
[Black "Sidi, Ali Dah"]
[Result "0-1"]
[WhiteElo "1556"]
[BlackElo "1480"]
[PlyCount "38"]
[EventDate "2014.11.27"]
[EventType "swiss"]
[EventRounds "9"]
[EventCountry "MAU"]
[SourceTitle "CBM 163 Extra"]
[Source "ChessBase"]
[SourceDate "2014.12.23"]
[SourceVersion "1"]
[SourceVersionDate "2014.12.23"]
[SourceQuality "1"]

1. e4 c5 2. Nf3 Nc6 3. Bc4 e6 4. Nc3 Be7 5. d3 d6 6. Bf4 Nf6 7. Qd2 a6 8. a3 b5 9. Bb3 Bb7 10. h3 h5 11. e5 dxe5 12. Nxe5 Na5 13. Ba2 Rc8 14. 0-0-0 b4 15. axb4 cxb4 16. Ne2 b3 17. Nc3 bxa2 18. Qe3 a1Q+ 19. Kd2 Qxb2 0-1

[Event "Nouadhibou Independence op"]
[Site "Nouadhibou"]
[Date "2014.11.27"]
[Round "1"]
[White "Sidi, Ali Dah"]
[Black "Taleb, Ahd Jidou Khlifa"]
[Result "1/2-1/2"]
[WhiteElo "1480"]
[BlackElo "1675"]
[PlyCount "63"]
[EventDate "2014.11.27"]
[EventType "swiss"]
[EventRounds "9"]
[EventCountry "MAU"]
[SourceTitle "CBM 163 Extra"]
[Source "ChessBase"]
[SourceDate "2014.12.23"]
[SourceVersion "1"]
[SourceVersionDate "2014.12.23"]
[SourceQuality "1"]

1. Nf3 Nc6 2. d4 e6 3. c4 Nf6 4. Nc3 Bb4 5. Bg5 h6 6. Bf4 0-0 7. a3 Be7 8. e4 d6 9. Rc1 Nd7 10. Bd3 Bf6 11. Bg3 e5 12. d5 Ne7 13. 0-0 Ng6 14. Nd2 Nc5 15. Bb1 a5 16. Bc2 Bd7 17. Nb3 Na4 18. Nxa4 Bxa4 19. Nd4 Bd7 20. Nf5 Bg5 21. Rb1 Ne7 22. Ne3 Ng6 23. Nf5 Ne7 24. Qd3 Nxf5 25. exf5 Qf6 26. Qe4 h5 27. h4 Bh6 28. Rfe1 a4 29. Rbd1 Rae8 30. Re2 b6 31. Rde1 Rb8 32. f3 1/2-1/2

[Event "MAU-ch"]
[Site "Nouadhibou"]
[Date "2013.12.28"]
[Round "2"]
[White "Sidi, Ali Dah"]
[Black "Yahi, Mohamed Salem"]
[Result "0-1"]
[WhiteElo "1510"]
[BlackElo "1880"]
[PlyCount "66"]
[EventDate "2013.12.28"]
[EventType "swiss"]
[EventRounds "11"]
[EventCountry "MAU"]
[SourceTitle "CBM 158 Extra"]
[Source "ChessBase"]
[SourceDate "2014.02.28"]
[SourceVersion "1"]
[SourceVersionDate "2014.02.28"]
[SourceQuality "1"]

1. e4 d6 2. f4 e5 3. Nf3 exf4 4. d4 Nf6 5. Bd3 Be7 6. Bxf4 0-0 7. 0-0 Bg4 8. Nbd2 Nc6 9. a3 Nxd4 10. c3 Nxf3+ 11. Nxf3 Nd7 12. Qc2 Bxf3 13. Rxf3 Ne5 14. Bxe5 dxe5 15. Raf1 Bc5+ 16. Kh1 f6 17. Rh3 h6 18. Qb3+ Kh7 19. Qd1 Qe7 20. Qd2 Rad8 21. Rff3 f5 22. Qc2 f4 23. g3 Be3 24. gxf4 Bxf4 25. Qg2 Rd6 26. Qf1 Rg6 27. b4 Rff6 28. c4 Rg4 29. Rxf4 Rgxf4 30. Qg2 Rg6 31. Rg3 Qf6 32. c5 Rxg3 33. Qxg3 Rf3 0-1